| 000 | 00450nam a2200145 a 4500 | ||
|---|---|---|---|
| 001 | 000031672 | ||
| 005 | 20200930063107.0 | ||
| 008 | 110629s1971 dr 000 0 spa d | ||
| 040 |
_aDO-SdBNP _bspa _cBNPHU |
||
| 100 | 1 |
_aCarrión, Pedro Justo _957962 |
|
| 245 | 1 | 0 |
_aHistoria de un banco / _cPedro Justo Carrión. |
| 260 |
_aSan Pedro de Macorís, República Dominicana : _bImpresora Arte y Cine, _c1971. |
||
| 300 |
_a15 p. ; _c22 cm. |
||
| 049 | _aBNPD | ||
| 999 |
_c31164 _d31164 |
||